The story of Christianity / (Record no. 720)

MARC details
000 -LEADER
fixed length control field 00923cam a2200289 a 4500
001 - CONTROL NUMBER
control field 1878189
003 - CONTROL NUMBER IDENTIFIER
control field GBCCL
005 - DATE AND TIME OF LATEST TRANSACTION
control field 20241126110344.0
008 - FIXED-LENGTH DATA ELEMENTS--GENERAL INFORMATION
fixed length control field 830727s1984 caua b 001 0 eng
010 ## -
-- 83012909
020 ## - INTERNATIONAL STANDARD BOOK NUMBER
International Standard Book Number 0060633158 (v. 1)
020 ## - INTERNATIONAL STANDARD BOOK NUMBER
International Standard Book Number 1565635221
020 ## - INTERNATIONAL STANDARD BOOK NUMBER
International Standard Book Number 0060633166 (v. 2 : pbk.)
040 ## - CATALOGING SOURCE
Original cataloging agency DLC
Transcribing agency DLC
Modifying agency DLC
-- OCoLC
-- DLC
050 00 -
-- BR142
-- .G66 1984
082 00 - DEWEY DECIMAL CLASSIFICATION NUMBER
Classification number 270
Edition information 19
Item number GON
100 1# - MAIN ENTRY--PERSONAL NAME
Personal name González, Justo L.
9 (RLIN) 913
245 14 - TITLE STATEMENT
Title The story of Christianity /
Statement of responsibility, etc. Justo L. González.
250 ## - EDITION STATEMENT
Edition statement 1st ed.
260 ## - PUBLICATION, DISTRIBUTION, ETC.
Place of publication, distribution, etc. San Francisco :
Name of publisher, distributor, etc. Harper & Row,
Date of publication, distribution, etc. c1984, 2004
300 ## - PHYSICAL DESCRIPTION
Extent 2 v. :
Other physical details ill. ;
Dimensions 24 cm.
504 ## - BIBLIOGRAPHY, ETC. NOTE
Bibliography, etc. note Includes bibliographies and index.
505 1# - FORMATTED CONTENTS NOTE
Formatted contents note v. 1. The early church to the dawn of the Reformation -- v. 2. The Reformation to the present day.
650 #0 - SUBJECT ADDED ENTRY--TOPICAL TERM
Topical term or geographic name entry element Church history.
9 (RLIN) 117
906 ## - LOCAL DATA ELEMENT F, LDF (RLIN)
a 7
b cbc
c orignew
d 1
e ocip
f 19
g y-gencatlg
942 ## - ADDED ENTRY ELEMENTS (KOHA)
Source of classification or shelving scheme Dewey Decimal Classification
Koha item type Books
Koha issues (borrowed), all copies 26
Holdings
Withdrawn status Lost status Source of classification or shelving scheme Damaged status Not for loan Home library Current Library Shelving location Date acquired Total checkouts Total renewals Full call number Barcode Date last seen Date last checked out Copy number Price effective from Koha item type
    Dewey Decimal Classification     GRACE BIBLE COLLEGE GRACE BIBLE COLLEGE Church History 2017-03-13 32 3 270 GON 010086 2026-02-12 2026-02-02 c.1 2017-03-13 Books
© Grace Bible College Library 2025